000 00985nam a2200313Ia 4500
003 OSt
005 20221006152828.0
006 a|||||r|||| 00| 0
007 ta
008 221006b |||||||| |||| 00| 0 eng d
020 _a1403967342
_c£35.00
020 _a9781403967343
024 _a29,765
037 _b78031, 01/06/2005, International Book Distributors
_cTextual
040 _aEASL
_cEASL
_beng
041 _2eng
_aeng
082 _aV41,2.P, P5
100 _aCHEN Weixing Ed.
_9661864
245 0 _aLeadership in a changing China
260 _aNew York
_bPalgrave Macmillan
_c2005
300 _a210p.
_ccm.
490 _v CEL
650 _a CEL
650 _a China - Politics and government
_9595381
650 _aPolitical leadership - China
_9661865
700 _a ZHONG Yang Ed.
_9661866
942 _hV41,2.P, P5
_cTEXL
_2CC
999 _c1097851
_d1097851